[Event "ICS Rated blitz match"]
[Site "207.99.83.229"]
[Date "1999.06.08"]
[Round "?"]
[White "Hossa"]
[Black "Sickpuppy"]
[Result "0-1"]
[WhiteElo "2519"]
[BlackElo "2425"]
[PlyCount "121"]

1. e4 e5 2. Nf3 Nc6 3. Bb5 a6 4. Ba4 d6 5. O-O Bd7 6. c3 Nge7 7. d4 Ng6 8. d5
Nb8 9. c4 Be7 10. Nc3 O-O 11. Bxd7 Nxd7 12. Be3 h6 13. Nd2 Bg5 14. Qh5 Bxe3 15.
fxe3 Nf6 16. Qf5 c6 17. Rae1 Qb6 18. b3 Qb4 19. Rc1 c5 20. Qh3 b5 21. Rxf6 gxf6
22. Qxh6 Qa3 23. Rc2 Qa5 24. a3 Qxa3 25. h4 Rfd8 26. h5 Nf8 27. Qxf6 Nh7 28.
Qf5 Kg7 29. Qf1 bxc4 30. Ncb1 Qb4 31. Rxc4 Qb7 32. Rc1 Qe7 33. Qf3 Qh4 34. Rf1
Nf6 35. Nc4 Ra7 36. Nc3 Nxh5 37. Ne2 Qg5 38. Qh3 Qg6 39. Na5 Rh8 40. Qf3 Rd7
41. Qh3 Rc7 42. Qf3 Rb8 43. Ra1 Rd7 44. Ra3 Rb4 45. Nc4 a5 46. Qh3 Rd8 47. Nd2
Ra8 48. Ra1 a4 49. Ra3 Rab8 50. bxa4 Rb2 51. Rd3 R8b4 52. Nc3 c4 53. Nxc4 Rxc4
54. Nd1 Re2 55. Nc3 Rc2 56. Nb5 Rc1+ 57. Kh2 Ng3 58. Qxg3 Rh1+ 59. Kxh1 Qxg3
60. a5 Rc1+ 61. Rd1 {Hossa resigns} 0-1

[Event "ICS rated blitz match"]
[Site "207.99.83.229"]
[Date "1999.06.08"]
[Round "?"]
[White "Hossa"]
[Black "sabine"]
[Result "1-0"]
[WhiteElo "2517"]
[BlackElo "2185"]
[PlyCount "77"]

1. e4 e6 2. d4 d5 3. Nd2 c5 4. exd5 Qxd5 5. Ngf3 cxd4 6. Bc4 Qd6 7. O-O Nf6 8.
Nb3 Nc6 9. Nbxd4 Nxd4 10. Qxd4 Bd7 11. Be3 Qxd4 12. Bxd4 Rc8 13. Bd3 Bc5 14.
Be5 Ke7 15. Rad1 Rhd8 16. Bxf6+ Kxf6 17. Nd2 h6 18. Rfe1 Ke7 19. Be4 Bc6 20.
Bxc6 Rxc6 21. Ne4 Bb6 22. Rxd8 Kxd8 23. Re2 Ke7 24. h4 Rc4 25. h5 Rd4 26. g4
Rd1+ 27. Kg2 Ra1 28. a3 Rb1 29. c3 Rd1 30. a4 Kd7 31. b4 a6 32. a5 Ba7 33. Rc2
Rb1 34. Rd2+ Ke7 35. Nd6 Bb8 36. Nxb7 Rc1 37. Nc5 Rxc3 38. Rd7+ Kf6 39. Ne4+ {
sabine resigns} 1-0

[Event "ICS rated blitz match"]
[Site "207.99.83.229"]
[Date "1999.06.08"]
[Round "?"]
[White "sabine"]
[Black "Hossa"]
[Result "0-1"]
[WhiteElo "2177"]
[BlackElo "2521"]
[PlyCount "60"]

1. e4 e5 2. Nf3 Nc6 3. Nc3 Nf6 4. Bb5 Bb4 5. O-O O-O 6. d3 d6 7. Bg5 a6 8. Ba4
Bxc3 9. bxc3 b5 10. Bb3 Qe7 11. Re1 Rb8 12. d4 exd4 13. cxd4 Bg4 14. e5 Bxf3
15. exf6 Qxf6 16. Qd2 Qf5 17. gxf3 Nxd4 18. Qxd4 Qxg5+ 19. Qg4 Qf6 20. Re4
Qxa1+ 21. Kg2 c5 22. Bd5 Qd1 23. c4 bxc4 24. Bxc4 d5 25. Be2 Qc2 26. Re5 Qxa2
27. Rg5 Qxe2 28. Rxg7+ Kh8 29. Qh5 Qd3 30. Qh6 30... Rg8 {sabine resigns} 0-1

[Event "ICS rated blitz match"]
[Site "207.99.83.229"]
[Date "1999.06.09"]
[Round "?"]
[White "Amateur"]
[Black "Hossa"]
[Result "1-0"]
[WhiteElo "2537"]
[BlackElo "2525"]
[PlyCount "165"]

1. d4 d5 2. c4 e6 3. Nf3 Nf6 4. g3 dxc4 5. Bg2 c5 6. Qa4+ Bd7 7. Qxc4 Bc6 8.
dxc5 Nbd7 9. Be3 Bd5 10. Qa4 Bc6 11. Qc4 Bd5 12. Qb4 Qc8 13. Nc3 Bxc5 14. Bxc5
Qxc5 15. Nxd5 Nxd5 16. Qxc5 Nxc5 17. Rc1 Rc8 18. O-O O-O 19. Rc4 Nb6 20. Rcc1
Nd5 21. Ne5 Rfd8 22. Rfd1 f6 23. Ng4 b6 24. Bxd5 exd5 25. Ne3 Na4 26. Rxc8 Rxc8
27. Rd2 d4 28. Nf5 Rc1+ 29. Kg2 Ra1 30. Rc2 Nc5 31. a3 Rd1 32. b4 d3 33. exd3
Nxd3 34. Rc8+ Kf7 35. Rc7+ Kg6 36. Nh4+ Kh6 37. Nf5+ Kg6 38. g4 Nf4+ 39. Kg3
Ne6 40. Re7 Re1 41. Rxa7 h5 42. f3 hxg4 43. fxg4 b5 44. Re7 Re5 45. h4 Kh7 46.
h5 Nd4 47. Rxg7+ Kh8 48. Rc7 Ne2+ 49. Kf2 Nf4 50. h6 Re6 51. Nd4 Nd3+ 52. Kf3
Rb6 53. h7 Rb8 54. Ke4 Nf2+ 55. Kf5 Rd8 56. Kg6 Nxg4 57. Nxb5 Rf8 58. Nd6 Ne5+
59. Kf5 Rd8 60. Rc8 Rxc8 61. Nxc8 Kxh7 62. Kxf6 Nd3 63. b5 Nc5 64. Nb6 Nb3 65.
Nc4 Nc5 66. b6 Na6 67. b7 Kg8 68. Ke7 Nb8 69. Ne5 Kg7 70. Nd7 Nc6+ 71. Kd6 Nb8
72. Nxb8 Kg6 73. a4 Kg5 74. a5 Kg4 75. a6 Kf5 76. Nc6 Kg4 77. b8=Q Kf3 78. a7
Ke3 79. Kd5 Kd3 80. Qg3+ Kd2 81. a8=Q Ke2 82. Qa2+ Kf1 83. Qgf2# {
Hossa checkmated} 1-0

[Event "ICS rated blitz match"]
[Site "207.99.83.229"]
[Date "1999.06.09"]
[Round "?"]
[White "Hossa"]
[Black "Amateur"]
[Result "0-1"]
[WhiteElo "2510"]
[BlackElo "2552"]
[PlyCount "138"]

1. e4 c5 2. Nf3 e6 3. d4 cxd4 4. Nxd4 a6 5. c4 Nf6 6. Nc3 Bb4 7. Bd3 Nc6 8.
Nde2 Qc7 9. Bg5 Ne5 10. O-O Qd6 11. Bf4 Nfg4 12. Bc2 Qxd1 13. Raxd1 Nxc4 14. h3
Bxc3 15. Nxc3 Nf6 16. Rd4 b5 17. e5 Nd5 18. Nxd5 exd5 19. b3 Nb6 20. Be3 Rb8
21. Rg4 g6 22. Rf4 Na8 23. Rf6 O-O 24. Rd1 Bb7 25. Rd6 Bc6 26. Bg5 Nc7 27. Rf6
Rfe8 28. h4 Rbc8 29. Re1 d4 30. Bd3 Nd5 31. Rd6 Re6 32. Rxe6 fxe6 33. Re4 Nb4
34. Rxd4 Nxd3 35. Rxd3 Bd5 36. Rd2 Kf7 37. Be3 b4 38. f3 Kg7 39. Bb6 Kh6 40.
Ba5 Kh5 41. Bxb4 Kxh4 42. Kf2 g5 43. Be7 Kh5 44. Bd6 g4 45. f4 Rc3 46. Ba3 g3+
47. Ke1 Kg4 48. Re2 Kxf4 49. Kd2 Rc8 50. Bd6 h5 51. Kd1 h4 52. Kd2 Bxg2 53.
Rxg2 h3 54. Rg1 h2 55. Rh1 g2 56. Rxh2 g1=Q 57. Rh4+ Kf5 58. Rc4 Rxc4 59. bxc4
Qh2+ 60. Ke3 Qxa2 61. c5 Qd5 62. Kf2 a5 63. Ke2 a4 64. c6 dxc6 65. Kf1 a3 66.
Kf2 a2 67. Bc7 a1=Q 68. Kg3 Qe1+ 69. Kh3 69... Qdh1# {Hossa checkmated} 0-1

[Event "ICS rated blitz match"]
[Site "207.99.83.229"]
[Date "1999.06.09"]
[Round "?"]
[White "JudgeTurpin"]
[Black "Hossa"]
[Result "1-0"]
[WhiteElo "2610"]
[BlackElo "2496"]
[PlyCount "101"]

1. e4 e5 2. Nf3 Nc6 3. Bb5 a6 4. Ba4 Nf6 5. O-O Be7 6. Re1 b5 7. Bb3 O-O 8. c3
d6 9. h3 Na5 10. Bc2 c5 11. d3 Nc6 12. Nbd2 b4 13. Nc4 bxc3 14. bxc3 Rb8 15. d4
cxd4 16. cxd4 Qc7 17. Bb3 exd4 18. Nxd4 Ne5 19. Ne3 Qc3 20. Ba3 Qa5 21. Bb2 Qc7
22. Rc1 Qd7 23. Ndf5 Qd8 24. f4 Ng6 25. Rf1 Bxf5 26. Nxf5 Rb4 27. Qd3 Nh5 28.
g3 Qd7 29. Bc3 Rb6 30. e5 Kh8 31. Kh2 f6 32. Ba5 Rxb3 33. axb3 fxe5 34. fxe5
Nhf4 35. gxf4 Qxf5 36. Qxf5 Rxf5 37. Rc8+ Rf8 38. Rxf8+ Bxf8 39. Bc7 d5 40. f5
Ne7 41. Bd6 d4 42. Rd1 Kg8 43. Bxe7 Bxe7 44. Rxd4 a5 45. Rd7 Bh4 46. Kg2 Kf8
47. e6 Bf6 48. Kf3 Ke8 49. Ke4 Bc3 50. Ra7 Kf8 51. Rb7 {Hossa resigns} 1-0

[Event "ICS Rated blitz match"]
[Site "207.99.83.229"]
[Date "1999.06.09"]
[Round "?"]
[White "Hossa"]
[Black "MissSilicon"]
[Result "0-1"]
[WhiteElo "2485"]
[BlackElo "2604"]
[PlyCount "136"]

1. e4 e6 2. d4 d5 3. Nd2 dxe4 4. Nxe4 Nd7 5. Bb5 Ngf6 6. Nxf6+ gxf6 7. Nf3 c6
8. Bd3 c5 9. dxc5 Nxc5 10. O-O Nxd3 11. cxd3 Be7 12. Bh6 Bd7 13. Rc1 Bc6 14. d4
Qd5 15. Kh1 Qxa2 16. b3 Bb5 17. Re1 Bb4 18. Rc2 Qa5 19. Re4 Bc6 20. Rh4 Bd5 21.
Qd3 f5 22. Qe3 Bxf3 23. gxf3 Be7 24. Bg7 Bxh4 25. Bxh8 Qa6 26. Rc1 Kd7 27. Be5
Rc8 28. Kg1 f6 29. Bg3 Bg5 30. f4 Rxc1+ 31. Qxc1 Bh6 32. Qd1 Qa5 33. Qh5 Bf8
34. Qxh7+ Be7 35. Qh5 Qa1+ 36. Kg2 Qxd4 37. Qf3 Kc8 38. Qe3 Qd5+ 39. f3 Bc5 40.
Qc3 Qd4 41. Qxd4 Bxd4 42. Bf2 Bxf2 43. Kxf2 Kd7 44. Ke3 Ke8 45. Kd4 b6 46. h3
Kf7 47. Kc4 a6 48. Kd4 Kg6 49. Ke3 Kh5 50. Kf2 Kh4 51. Kg2 a5 52. Kf2 Kxh3 53.
Ke3 Kg3 54. Kd4 Kxf3 55. Kc4 Kxf4 56. Kd3 Kg3 57. Ke2 f4 58. Kd3 f3 59. Kd2 f2
60. Ke2 Kg2 61. Kd2 f1=Q 62. Kc2 Qa1 63. Kd3 f5 64. Ke2 Qc3 65. Kd1 f4 66. Ke2
f3+ 67. Kd1 f2 68. Ke2 68... f1=Q# {Hossa checkmated} 0-1

[Event "ICS Rated standard match"]
[Site "207.99.83.229"]
[Date "1999.06.09"]
[Round "?"]
[White "MissSilicon"]
[Black "Hossa"]
[Result "0-1"]
[WhiteElo "2245"]
[BlackElo "2246"]
[PlyCount "106"]

1. e4 e5 2. Nf3 Nc6 3. Nc3 Nf6 4. Bb5 Bb4 5. O-O O-O 6. d3 d6 7. Bg5 a6 8. Bc4
Bxc3 9. bxc3 Be6 10. Bxe6 fxe6 11. Rb1 b5 12. Nd2 d5 13. f3 Qd6 14. Nb3 Nd7 15.
Ra1 a5 16. Rf2 a4 17. Nd2 Qa3 18. c4 bxc4 19. dxc4 d4 20. Qc1 Qc3 21. Rb1 Nb4
22. Qb2 Rab8 23. Qxc3 dxc3 24. Nf1 Nxa2 25. Ra1 Rb2 26. Ne3 Rfb8 27. Bh4 R8b7
28. Bg3 c6 29. Bh4 c5 30. Bg3 a3 31. Ng4 Rb1+ 32. Rf1 Rxf1+ 33. Kxf1 Rb2 34.
Ne3 Kf7 35. Kg1 h5 36. Bh4 Nb8 37. Bg3 Nc6 38. h3 g5 39. h4 gxh4 40. Bxh4 Nd4
41. Bf2 Ke7 42. Kh2 Kd6 43. Be1 Nxc2 44. Nxc2 Rxc2 45. Bh4 Re2 46. Bg5 c2 47.
Kh3 Kd7 48. Bh6 Ke7 49. g4 hxg4+ 50. Kxg4 Kf7 51. Kg3 Kg6 52. Rh1 Re1 53. Rh2
53... Nb4 {MissSilicon resigns} 0-1

[Event "ICS Rated standard match"]
[Site "207.99.83.229"]
[Date "1999.06.09"]
[Round "?"]
[White "Hossa"]
[Black "MissSilicon"]
[Result "0-1"]
[WhiteElo "2260"]
[BlackElo "2251"]
[PlyCount "129"]

1. e4 Nf6 2. e5 Nd5 3. Nf3 Nc6 4. Bb5 e6 5. c4 Nb6 6. d4 a6 7. Bxc6 dxc6 8. b3
c5 9. O-O cxd4 10. Nxd4 Bc5 11. Be3 O-O 12. Nxe6 Qxd1 13. Rxd1 Bxe3 14. Nxf8
Bg4 15. Rd3 Bf4 16. c5 Bxe5 17. Nc3 Bf5 18. Rf3 Bxc3 19. Rf1 g6 20. cxb6 Ba5
21. Rxf5 gxf5 22. Nd7 cxb6 23. Nf6+ Kg7 24. Nd5 Rd8 25. Rd1 b5 26. a3 Bc7 27.
h3 Be5 28. Rd3 Rc8 29. f4 Bb2 30. Rg3+ Kf8 31. Rg5 Bxa3 32. Kh2 Rc2 33. Nf6 Ke7
34. Nxh7 Ke6 35. Rg3 f6 36. Rg6 Kf7 37. Rxf6+ Kg7 38. Rxf5 Kxh7 39. Rf7+ Kg8
40. Rxb7 Bc1 41. Rb8+ Kf7 42. Kg3 Rb2 43. Rb7+ Kf8 44. Ra7 Rxb3+ 45. Kg4 Rb4
46. g3 Ra4 47. Rb7 Bd2 48. Rb8+ Ke7 49. Rb7+ Kd6 50. Rb8 Kc7 51. Re8 b4 52.
Re7+ Kc6 53. Re2 Ra2 54. Re8 b3 55. Rb8 Ra3 56. Kh4 Kc7 57. Re8 b2 58. Re7+ Kc6
59. Re6+ Kc5 60. Re2 Rd3 61. Re5+ Rd5 62. Re7 b1=Q 63. Rc7+ Kb6 64. Rg7 Be1 65.
Rg5 {Hossa resigns} 0-1

[Event "ICS rated blitz match"]
[Site "207.99.83.229"]
[Date "1999.06.09"]
[Round "?"]
[White "MiddleHead"]
[Black "Hossa"]
[Result "0-1"]
[WhiteElo "2177"]
[BlackElo "2474"]
[PlyCount "56"]

1. e4 Nf6 2. e5 Nd5 3. Nf3 d6 4. d4 g6 5. h3 Bg7 6. exd6 exd6 7. Be2 O-O 8. O-O
Be6 9. c4 Nb6 10. d5 Bf5 11. Bd3 Bxd3 12. Qxd3 N8d7 13. a3 Re8 14. Ra2 Nc5 15.
Qc2 c6 16. dxc6 bxc6 17. b4 Ne4 18. Bb2 Bxb2 19. Rxb2 d5 20. cxd5 cxd5 21. Nbd2
Nxd2 22. Nxd2 Qf6 23. Rbb1 Rac8 24. Qb2 Qxb2 25. Rxb2 Re2 26. Rfb1 Na4 27. Ra2
Nc3 28. Rc2 28... Rxd2 {MiddleHead resigns} 0-1

[Event "ICS rated standard match"]
[Site "207.99.83.229"]
[Date "1999.06.09"]
[Round "?"]
[White "RETI"]
[Black "Hossa"]
[Result "1-0"]
[WhiteElo "2497"]
[BlackElo "2244"]
[PlyCount "70"]

1. d4 d5 2. c4 dxc4 3. e4 e5 4. Nf3 exd4 5. Bxc4 Bb4+ 6. Nbd2 Nc6 7. O-O Nf6 8.
e5 Nd5 9. Nb3 Nb6 10. Bb5 Bd7 11. Nbxd4 Nxd4 12. Nxd4 O-O 13. Bd3 Re8 14. a3
Bf8 15. Qc2 Ba4 16. Bxh7+ Kh8 17. Qd3 Bc5 18. Qh3 Rxe5 19. Bf5+ Kg8 20. Qh7+
Kf8 21. Qh8+ Ke7 22. Bg5+ f6 23. Qxg7+ Kd6 24. Bxf6 Qe8 25. Bxe5+ Qxe5 26. Qg6+
Kd5 27. Nf3 Qe7 28. Rfe1 Qd6 29. Be4+ Kc4 30. Bd3+ Kb3 31. Reb1 Bxf2+ 32. Kxf2
Rf8 33. Qe4 Rxf3+ 34. Qxf3 Qd4+ 35. Kf1 35... Qf6 {Hossa resigns} 1-0

[Event "ICS rated standard match"]
[Site "207.99.83.229"]
[Date "1999.06.09"]
[Round "?"]
[White "Hossa"]
[Black "PartyTrain"]
[Result "1-0"]
[WhiteElo "2238"]
[BlackElo "2073"]
[PlyCount "49"]

1. d4 Nf6 2. c4 g6 3. Nc3 d5 4. Nf3 Bg7 5. Bg5 Ne4 6. cxd5 Nxg5 7. Nxg5 e6 8.
Nf3 exd5 9. b4 O-O 10. e3 Re8 11. Be2 c6 12. Rc1 Qb6 13. b5 Bf5 14. bxc6 bxc6
15. O-O Nd7 16. Bd3 Bxd3 17. Qxd3 Rac8 18. Rb1 Qc7 19. Rfc1 Nb6 20. Qa6 Qd7 21.
Na4 Nxa4 22. Qxa4 Rc7 23. Rb2 Bf8 24. Ne5 Qd6 25. Rxc6 {PartyTrain resigns} 1-0

[Event "ICS Rated standard match"]
[Site "207.99.83.229"]
[Date "1999.06.09"]
[Round "?"]
[White "Nimzostrong"]
[Black "Hossa"]
[Result "1-0"]
[WhiteElo "2505"]
[BlackElo "2247"]
[PlyCount "53"]

1. d4 d5 2. c4 e6 3. Nc3 Nf6 4. Bg5 Be7 5. e3 Nbd7 6. Nf3 O-O 7. Rc1 c6 8. Bd3
dxc4 9. Bxc4 Qa5 10. O-O Qf5 11. e4 Qg4 12. h3 Qh5 13. Ne2 e5 14. Ng3 Qg6 15.
Nf5 Bd8 16. dxe5 Nxe4 17. N5h4 Qh5 18. g4 Qxg5 19. Nxg5 Bxg5 20. e6 Nb6 21.
exf7+ Kh8 22. Qd4 Bxc1 23. Qxe4 Nxc4 24. Rxc1 Nd6 25. Qe7 Be6 26. Ng6+ hxg6 27.
Qh4# {Hossa checkmated} 1-0

[Event "ICS Rated standard match"]
[Site "207.99.83.229"]
[Date "1999.06.09"]
[Round "?"]
[White "Hossa"]
[Black "MissSilicon"]
[Result "0-1"]
[WhiteElo "2241"]
[BlackElo "2273"]
[PlyCount "61"]

1. d4 d5 2. c4 Nc6 3. cxd5 Qxd5 4. e3 e6 5. Nc3 Bb4 6. Qg4 g6 7. Bd2 Qd8 8. Bb5
Nf6 9. Bxc6+ bxc6 10. Qf3 Nd5 11. e4 Nxc3 12. bxc3 Ba5 13. Rb1 Ba6 14. Rb3 Bc4
15. Ra3 Rb8 16. Rxa5 Rb1+ 17. Bc1 Rxc1+ 18. Kd2 Rf1 19. Rc5 Qb8 20. Rxc4 Qb2+
21. Kd3 Qb1+ 22. Ke3 Qc1+ 23. Kd3 Rd1+ 24. Qxd1 Qxd1+ 25. Ke3 Qf1 26. Rb4 O-O
27. g3 Qg2 28. Ne2 Qxh1 29. Rb7 f5 30. e5 Qe4+ 31. Kd2 {Hossa resigns} 0-1

[Event "ICS Rated standard match"]
[Site "207.99.83.229"]
[Date "1999.06.09"]
[Round "?"]
[White "Kind-Bishop"]
[Black "Hossa"]
[Result "0-1"]
[WhiteElo "1977"]
[BlackElo "2226"]
[PlyCount "50"]

1. e4 Nf6 2. e5 Nd5 3. d4 d6 4. c4 Nb6 5. Nf3 dxe5 6. Nxe5 N6d7 7. f4 e6 8. Nc3
Bb4 9. Bd2 O-O 10. Nd3 Be7 11. Be3 Nb6 12. Ne5 Bb4 13. Rc1 Bd7 14. Be2 Qh4+ 15.
g3 Qh3 16. Bf3 Bc6 17. Nxc6 Nxc6 18. Qe2 Rad8 19. Bg2 Qh6 20. Qd3 Nxd4 21. Bxd4
e5 22. O-O Rxd4 23. Qf3 exf4 24. gxf4 Bc5 25. Ne4 25... Rxe4+ {
Kind-Bishop resigns} 0-1

[Event "ICS rated standard match"]
[Site "207.99.83.229"]
[Date "1999.06.09"]
[Round "?"]
[White "Hossa"]
[Black "narcissus"]
[Result "1-0"]
[WhiteElo "2232"]
[BlackElo "1906"]
[PlyCount "71"]

1. d4 d5 2. c4 e6 3. Nf3 Nf6 4. g3 dxc4 5. Bg2 Bb4+ 6. Bd2 Bxd2+ 7. Nbxd2 O-O
8. Nxc4 Nc6 9. O-O a6 10. Nce5 Nxe5 11. dxe5 Qxd1 12. Rfxd1 Nd5 13. Rd2 Bd7 14.
Rad1 Ba4 15. b3 Bb5 16. Rc1 Rac8 17. e4 Nb6 18. a4 Bc6 19. a5 Nd7 20. Rxc6 bxc6
21. Rxd7 Rfd8 22. Rxd8+ Rxd8 23. Bf1 Rd1 24. Kg2 Ra1 25. Bxa6 Rxa5 26. Bc4 Kf8
27. h4 Ke7 28. Nd4 Rc5 29. f4 f6 30. Bxe6 fxe5 31. fxe5 Rc1 32. Bc4 Kd7 33. e6+
Kd6 34. Nf5+ Ke5 35. e7 Rc2+ 36. Kh3 {narcissus resigns} 1-0

[Event "ICS Rated standard match"]
[Site "207.99.83.229"]
[Date "1999.06.09"]
[Round "?"]
[White "Hossa"]
[Black "Idiota"]
[Result "1-0"]
[WhiteElo "2236"]
[BlackElo "2005"]
[PlyCount "65"]

1. e4 e5 2. Nf3 Nc6 3. Bb5 Nf6 4. O-O Nd4 5. Nxd4 exd4 6. e5 Nd5 7. c3 c6 8.
Bc4 dxc3 9. dxc3 Nb6 10. Bb3 Bc5 11. Qg4 g6 12. Bg5 d5 13. Qh4 Qc7 14. Bf6 Be7
15. Nd2 Bxf6 16. Qxf6 O-O 17. Rae1 Bf5 18. f4 Nd7 19. Qg5 Qb6+ 20. Kh1 Nc5 21.
Rf3 Nd3 22. Re2 Nxb2 23. Rg3 Qa6 24. Ree3 Bc8 25. Qf6 Nc4 26. Bxc4 dxc4 27. Re1
Qxa2 28. Ne4 Be6 29. Qh4 h5 30. Nf6+ Kg7 31. Nxh5+ Kg8 32. Nf6+ Kg7 33. Qh7# {
Idiota checkmated} 1-0

[Event "ICS rated standard match"]
[Site "207.99.83.229"]
[Date "1999.06.09"]
[Round "?"]
[White "Mofongo"]
[Black "Hossa"]
[Result "1-0"]
[WhiteElo "2490"]
[BlackElo "2243"]
[PlyCount "82"]

1. d4 d5 2. c4 dxc4 3. e4 Nf6 4. Nc3 e5 5. Nf3 exd4 6. Qxd4 Qxd4 7. Nxd4 Bb4 8.
f3 O-O 9. Bxc4 c5 10. Ndb5 Ne8 11. Be3 a6 12. Na3 Bxa3 13. bxa3 Nd7 14. Na4 b6
15. Bd5 Ra7 16. Rb1 Nef6 17. Nxb6 Nxb6 18. Rxb6 Nxd5 19. exd5 Re8 20. Kf2 Rd8
21. d6 c4 22. Rc6 Ra8 23. Bb6 Bb7 24. Bxd8 Bxc6 25. Bc7 Bd7 26. Rc1 Be6 27. Rd1
c3 28. d7 Bxd7 29. Rxd7 c2 30. Bf4 Rc8 31. Bc1 f6 32. Rd6 a5 33. Ke3 Rc3+ 34.
Rd3 Rc5 35. Rd2 a4 36. Kd3 Rh5 37. h3 Kf7 38. Rxc2 Rd5+ 39. Kc4 Ra5 40. Be3 Ke6
41. Kb4 41... Re5 {Hossa resigns} 1-0

[Event "ICS rated blitz match"]
[Site "207.99.83.229"]
[Date "1999.06.09"]
[Round "?"]
[White "Hossa"]
[Black "MiddleHead"]
[Result "1-0"]
[WhiteElo "2479"]
[BlackElo "2167"]
[PlyCount "22"]

1. d4 d6 2. Nf3 Nf6 3. Nc3 Bf5 4. Bf4 g6 5. Qd2 Nc6 6. d5 Nb8 7. O-O-O c5 8.
Re1 Ne4 9. Nxe4 Bxe4 10. Ng5 f5 11. f3 11... h6 {MiddleHead resigns} 1-0

[Event "ICS Rated standard match"]
[Site "207.99.83.229"]
[Date "1999.06.10"]
[Round "?"]
[White "Hossa"]
[Black "Kind-Bishop"]
[Result "1-0"]
[WhiteElo "2237"]
[BlackElo "1964"]
[PlyCount "63"]

1. d4 f5 2. g3 d5 3. Nd2 e6 4. Ngf3 Nf6 5. Bg2 Be7 6. Ne5 O-O 7. O-O Nbd7 8.
Ndf3 c5 9. dxc5 Bxc5 10. Nd3 Bd6 11. Bf4 Nc5 12. Bxd6 Qxd6 13. Nde5 Ncd7 14.
Qd4 Nxe5 15. Nxe5 b6 16. c4 Ba6 17. Rac1 Rfd8 18. cxd5 exd5 19. Rc6 Qe7 20. Re1
Bb7 21. Rc2 Rac8 22. Rec1 Rxc2 23. Rxc2 Re8 24. f4 Ne4 25. Bxe4 fxe4 26. e3 Qe6
27. Rc7 Rc8 28. Rxb7 Rc1+ 29. Kf2 Rc2+ 30. Ke1 Rc1+ 31. Kd2 Qc8 32. Qxd5+ {
Kind-Bishop resigns} 1-0

[Event "ICS rated standard match"]
[Site "207.99.83.229"]
[Date "1999.06.10"]
[Round "?"]
[White "amigood"]
[Black "Hossa"]
[Result "0-1"]
[WhiteElo "2184"]
[BlackElo "2243"]
[PlyCount "36"]

1. e4 Nf6 2. Nc3 d5 3. e5 Nfd7 4. Nxd5 Nxe5 5. Ne3 e6 6. Nf3 Nxf3+ 7. Qxf3 Bd6
8. c3 O-O 9. h4 Nd7 10. h5 Ne5 11. Qh3 Nc6 12. g4 Bf4 13. d4 e5 14. dxe5 Nxe5
15. Nf5 Bxc1 16. Rxc1 Bxf5 17. gxf5 Re8 18. Rc2 18... Nf3# {amigood checkmated}
0-1

[Event "ICS rated standard match"]
[Site "207.99.83.229"]
[Date "1999.06.10"]
[Round "?"]
[White "Idiota"]
[Black "Hossa"]
[Result "0-1"]
[WhiteElo "1993"]
[BlackElo "2256"]
[PlyCount "46"]

1. e4 Nf6 2. Bc4 Nxe4 3. Bxf7+ Kxf7 4. Qh5+ Kf6 5. Qf3+ Ke5 6. d4+ Kxd4 7. Be3+
Ke5 8. Bf4+ Ke6 9. Qxe4+ Kf7 10. Qc4+ d5 11. Bxc7 dxc4 12. Bxd8 Nc6 13. Bc7 Bf5
14. c3 e5 15. Nf3 Ke6 16. Nbd2 Rc8 17. Ng5+ Kd7 18. Nf7 Rg8 19. Bxe5 Be6 20.
Nh6 gxh6 21. Bg3 Rd8 22. Ne4 Kc8 23. Nf6 23... Rg6 {Idiota resigns} 0-1

[Event "ICS rated blitz match"]
[Site "207.99.83.229"]
[Date "1999.06.10"]
[Round "?"]
[White "Hossa"]
[Black "MiddleHead"]
[Result "1-0"]
[WhiteElo "2484"]
[BlackElo "2176"]
[PlyCount "38"]

1. d4 d6 2. Nf3 Nf6 3. Nc3 g6 4. e4 Bg7 5. Bb5+ Bd7 6. e5 Ng4 7. Bxd7+ Qxd7 8.
h3 Nh6 9. O-O O-O 10. Bxh6 Bxh6 11. d5 dxe5 12. Nxe5 Qd6 13. Nc4 Qc5 14. Qd3
Bg7 15. Ne4 Qb5 16. a4 Qa6 17. Nc5 Qf6 18. Nxb7 Nd7 19. Rae1 19... a5 {
MiddleHead resigns} 1-0

[Event "ICS rated blitz match"]
[Site "207.99.83.229"]
[Date "1999.06.10"]
[Round "?"]
[White "MiddleHead"]
[Black "Hossa"]
[Result "0-1"]
[WhiteElo "2165"]
[BlackElo "2489"]
[PlyCount "36"]

1. e4 Nf6 2. e5 Nd5 3. d4 d6 4. Nf3 dxe5 5. Nxe5 g6 6. Bc4 Be6 7. Bb3 Bg7 8.
O-O O-O 9. c4 Nb6 10. c5 Bxb3 11. Qxb3 Qxd4 12. Nxf7 Rxf7 13. cxb6 Qxb6 14. Qc4
Bxb2 15. Bxb2 Qxb2 16. Qxc7 Nc6 17. Nd2 Rd8 18. Nf3 18... e5 {
MiddleHead resigns} 0-1

[Event "ICS rated blitz match"]
[Site "207.99.83.229"]
[Date "1999.06.10"]
[Round "?"]
[White "Hossa"]
[Black "MiddleHead"]
[Result "1-0"]
[WhiteElo "2493"]
[BlackElo "2187"]
[PlyCount "71"]

1. d4 d6 2. Nf3 Nf6 3. Nc3 g6 4. e4 Bg7 5. Bb5+ c6 6. Bd3 O-O 7. O-O b5 8. e5
Ng4 9. h3 Nh6 10. exd6 exd6 11. a4 b4 12. Ne4 Nf5 13. Bg5 Qc7 14. Nf6+ Kh8 15.
Re1 Be6 16. Bxf5 Bxf5 17. Ne8 Qd7 18. Nxg7 Kxg7 19. Re7 Qc8 20. Qd2 Re8 21.
Rxe8 Qxe8 22. Qxb4 Qd7 23. Re1 f6 24. Bf4 Na6 25. Qxd6 Qxd6 26. Bxd6 Bxc2 27.
Re7+ Kg8 28. a5 Rd8 29. Rxa7 Rxd6 30. Rxa6 Be4 31. Nd2 Bc2 32. Nc4 Rxd4 33.
Rxc6 Rd1+ 34. Kh2 Be4 35. Rxf6 Rb1 36. Nd2 {MiddleHead resigns} 1-0

[Event "ICS Rated standard match"]
[Site "207.99.83.229"]
[Date "1999.06.10"]
[Round "?"]
[White "Hossa"]
[Black "NoRegrets"]
[Result "1-0"]
[WhiteElo "2262"]
[BlackElo "2123"]
[PlyCount "121"]

1. d4 d5 2. c4 c6 3. Nf3 Nf6 4. Nc3 e6 5. Bg5 h6 6. Bxf6 Qxf6 7. a3 Nd7 8. e4
Nb6 9. e5 Qd8 10. c5 Nd7 11. Bd3 b6 12. cxb6 axb6 13. O-O c5 14. Bb5 Be7 15.
Rc1 O-O 16. Qe2 c4 17. Qd2 Nb8 18. Qf4 Bd7 19. Bxd7 Qxd7 20. Qg4 Nc6 21. Qh5
Rfb8 22. Ne2 b5 23. Ra1 b4 24. a4 Na5 25. Nd2 Nb7 26. f4 Rxa4 27. Rxa4 Qxa4 28.
f5 Qe8 29. f6 Bf8 30. fxg7 Bxg7 31. Qg4 Rc8 32. Nf4 Kh8 33. Nh5 Qg8 34. Qh4 c3
35. bxc3 bxc3 36. Nb3 c2 37. Nc1 Na5 38. Rf3 Qd8 39. Qxd8+ Rxd8 40. Rxf7 Rb8
41. Rc7 Rb2 42. Nxg7 Rb1 43. Rxc2 Kxg7 44. Rc7+ Kg6 45. Kf2 Kf5 46. Rf7+ Ke4
47. Ne2 Rb2 48. Rf4+ Kd3 49. Rf3+ Kc4 50. Rc3+ Kb4 51. Rd3 Nb3 52. Ke3 Rb1 53.
Nf4 Rh1 54. Nxe6 Rxh2 55. g3 Nc1 56. Rd2 Rh3 57. Rg2 Kc4 58. Rc2+ Kb3 59. Rxc1
Rxg3+ 60. Kf4 Rg8 61. Rc5 {NoRegrets resigns} 1-0

[Event "ICS rated standard match"]
[Site "207.99.83.229"]
[Date "1999.06.10"]
[Round "?"]
[White "Hossa"]
[Black "Krell"]
[Result "0-1"]
[WhiteElo "2272"]
[BlackElo "2351"]
[PlyCount "111"]

1. d4 Nf6 2. c4 e6 3. Nf3 b6 4. Nc3 Bb7 5. Bg5 Bb4 6. e3 h6 7. Bh4 g5 8. Bg3
Ne4 9. Qb3 Bxc3+ 10. bxc3 d6 11. Bd3 Nd7 12. O-O Qe7 13. Qa4 a6 14. Rac1 f5 15.
Qb4 Qf7 16. Rfd1 Nxg3 17. fxg3 O-O-O 18. Rf1 Qh5 19. Qb3 Rhe8 20. a4 Nf6 21.
Rc2 Ng4 22. Re2 Be4 23. Qd1 e5 24. h3 Nf6 25. c5 dxc5 26. Bxa6+ Bb7 27. Bxb7+
Kxb7 28. Qc2 exd4 29. Qxf5 Ne4 30. g4 Ng3 31. gxh5 Nxf5 32. Nxd4 Ng3 33. Rf3
Nxe2+ 34. Nxe2 Rd2 35. Kf2 Ra8 36. Ke1 Rb2 37. Rf2 Rxa4 38. Nc1 Rxf2 39. Kxf2
b5 40. Ke2 Kc6 41. Nd3 Ra2+ 42. Kf3 Kd5 43. Nc1 Rc2 44. Ne2 Kc4 45. g3 Kd3 46.
Ng1 b4 47. cxb4 cxb4 48. h4 g4+ 49. Kxg4 Kxe3 50. Kf5 b3 51. Kf6 Rh2 52. g4 b2
53. Ne2 Kxe2 54. Ke5 b1=Q 55. Kf6 Qh7 56. g5 {Hossa resigns} 0-1

[Event "ICS rated standard match"]
[Site "207.99.83.229"]
[Date "1999.06.10"]
[Round "?"]
[White "Hossa"]
[Black "Alex72"]
[Result "1-0"]
[WhiteElo "2260"]
[BlackElo "2079"]
[PlyCount "91"]

1. d4 Nf6 2. c4 g6 3. Nc3 d5 4. Nf3 c6 5. cxd5 cxd5 6. Qb3 Nc6 7. Bg5 Bg7 8.
Bxf6 Bxf6 9. e3 e6 10. Bb5 O-O 11. Bxc6 bxc6 12. O-O Ba6 13. Rfc1 Bc4 14. Qa4
Qb6 15. Qc2 a5 16. Na4 Qc7 17. b3 Bb5 18. Nc5 Be7 19. Ne5 Bxc5 20. Qxc5 Rac8
21. a4 f6 22. Nxg6 hxg6 23. axb5 Rf7 24. Qxc6 Qxc6 25. bxc6 Rfc7 26. Rxa5 Rxc6
27. Rac5 Rxc5 28. dxc5 Kf7 29. b4 Ke7 30. f4 Kd7 31. b5 Rb8 32. Rb1 Kc7 33. Kf2
Ra8 34. Ke2 Kb7 35. h4 Ra2+ 36. Kf3 Rc2 37. c6+ Kb6 38. g3 Rc3 39. Kf2 Rc2+ 40.
Ke1 Rh2 41. Rc1 Rh1+ 42. Kd2 Rh2+ 43. Kd3 Kc7 44. b6+ Kc8 45. b7+ Kc7 46. Rb1 {
Alex72 resigns} 1-0